01542cam a22004454i 4500003000900000005001700009008004100026020002800067020003100095035002700126040005800153040005100211050002300262082003000285082002300315100003400338245007100372264006300443300004300506336002100549337002500570338002300595490006700618500009800685504004000783526001000823526001000833526001000843526001000853526000800863526000800871526000800879526000800887526000800895526000800903526000800911630006200919650004600981830006901027PE-LiUPU20250731173148.0960731s1996 miu b 000 0 eng d a1883925118q(rústica) a9781883925116q(rústica) a(Sirsi) i9781883925116 aNDDbengcNDDdBXMdBAKERdNLGGCdYDXCPdOCLCQdOCLCO aPUCPRbspacPUCPRdPUCPRdCKJAVdPE-LiUPUerda 4aBX6109b.AU21 199404a230.05bA565, U58x, v. 2104a286.73205bAUS2211 aMüller, Ekkehardt.,eautor.10aMicrostructural analysis of Revelation 4-11 /cEkkehardt Müller. 1aBerrien Springs, Mich. :bAndrews University Press,c1996. aix, 788 páginas ;c23 centímetros. atext2rdacontent aunmediated2rdamedia avolume2rdacarrier1 aAndrews University seminary doctoral dissertation series ;v21 aThe author's thesis (Ph. D.)--Andrews University, Seventh-Day Adventist Theological Seminary. aBibliografía : páginas 751-788. aSEG42 aSEG41 aSEG40 aSEG39 aP94 aP87 aP86 aP85 aP77 aP76 aP3500aBible.pRevelation IV-XIxCriticism, interpretation, etc.17aOpenbaring van Johannes (bijbelboek)2gtt 0aAndrews University Seminary doctoral dissertation series ;vv21.